Cities of Jefferson - Sudden Death - Statistics

General Stats
  • This quiz has been taken 17 times
  • The average score is 10 of 28
Answers on the Grid
Answers color-coded by a green-red scale on the quiz's grid according to % correct below.
Ashland
Astoria
Auburn
Carson City
Chico
Clearlake
Coos Bay
Corvallis
Crescent City
Davis
Elk Grove
Eureka
Grants Pass
Klamath Falls
Lakeview
Madera
Mammoth Lakes
Mariposa
Medford
Modesto
Nevada City
Oroville
Pendleton
Petaluma
Placerville
Prescott
Red Bluff
Redding
Ridgecrest
Roseburg
Roseville
San Luis Obispo
South Lake Tahoe
Susanville
Truckee
Turlock
Ukiah
Weed
Yreka
Yuba City
 
Answer Stats
Answer % Correct
Placerville
79%
Chico
57%
Eureka
50%
Redding
50%
Yreka
50%
Yuba City
50%
Crescent City
43%
Klamath Falls
43%
Oroville
43%
South Lake Tahoe
43%
Weed
43%
Ashland
36%
Grants Pass
36%
Medford
36%
Susanville
36%
Truckee
36%
Ukiah
36%
Auburn
29%
Clearlake
29%
Coos Bay
29%
Modesto
29%
Red Bluff
29%
Roseburg
29%
Turlock
29%
Nevada City
21%
Lakeview
14%
Mariposa
14%
Roseville
7%
No matching quizzes found
Score Distribution
Percent of People with Each Score
Percentile by Number Answered
Your Score History
You have not taken this quiz